| 000 | 00548nam a2200181Ia 4500 | ||
|---|---|---|---|
| 008 | 240925s9999 xx 000 0 und d | ||
| 020 | _a965081915 | ||
| 082 | _a004.3 ALX | ||
| 100 | _aAxelson, Jan | ||
| 245 | 0 | _aParallel Port Complete: programming ,interfacing,& using the pc's parallel printer port | |
| 250 | _aNA | ||
| 260 |
_aMadison: _bLakeview Research _c,2000. |
||
| 300 |
_axxv,1506p. _bNA _fOriginal |
||
| 500 | _aIncludes Index | ||
| 600 | _aComputer Science | ||
| 650 | _aComputer science, information & general works | ||
| 942 | _cBK | ||
| 999 |
_c8127 _d8127 |
||